Who will be fed in the 21st century? : (Registro nro. 12599)
[ vista simple ]
| 000 -LEADER | |
|---|---|
| fixed length control field | 02130cam a22003734a 4500 |
| 003 - CONTROL NUMBER IDENTIFIER | |
| control field | OSt |
| 005 - DATE AND TIME OF LATEST TRANSACTION | |
| control field | 20211012120205.0 |
| 008 - FIXED-LENGTH DATA ELEMENTS--GENERAL INFORMATION | |
| fixed length control field | 010702s2001 dcua b 100 0 eng |
| 010 ## - LIBRARY OF CONGRESS CONTROL NUMBER | |
| LC control number | 2001038390 |
| 020 ## - INTERNATIONAL STANDARD BOOK NUMBER | |
| International Standard Book Number | 0896297047 |
| 040 ## - CATALOGING SOURCE | |
| Original cataloging agency | DLC |
| Transcribing agency | CO-JMCR |
| 041 ## - LANGUAGE CODE | |
| Language code of text/sound track or separate title | ENG |
| 082 00 - DEWEY DECIMAL CLASSIFICATION NUMBER | |
| Classification number | 363.8091724 / |
| Item number | W642w |
| Edition number | 23 |
| 100 1# - MAIN ENTRY--PERSONAL NAME | |
| Personal name | Wiebe, Keith Daniel, |
| Relator term | author |
| 9 (RLIN) | 41104 |
| 245 00 - TITLE STATEMENT | |
| Title | Who will be fed in the 21st century? : |
| Remainder of title | challenges for science and policy / |
| Statement of responsibility, etc. | Keith Wiebe, Nicole Ballenger, and Per Pinstrup-Andersen. |
| 260 ## - PUBLICATION, DISTRIBUTION, ETC. | |
| Place of publication, distribution, etc. | Washington, D.C. : |
| Name of publisher, distributor, etc. | International Food Policy Research Institute with the Economic Research Service, U.S. Dept. of Agriculture, American Agricultural Economics Association, |
| Date of publication, distribution, etc. | c2001. |
| 300 ## - PHYSICAL DESCRIPTION | |
| Extent | viii, 102 p. : |
| Other physical details | ill. ; |
| Dimensions | 23 cm. |
| 500 ## - GENERAL NOTE | |
| General note | Distills conclusions of a symposium at the annual meeting of the American Association for the Advancement of Science held February 2000, Washington, D.C. Foreword, p. viii. |
| 504 ## - BIBLIOGRAPHY, ETC. NOTE | |
| Bibliography, etc. note | Includes bibliographical references (p. 88-99). |
| 650 #0 - SUBJECT ADDED ENTRY--TOPICAL TERM | |
| Topical term or geographic name entry element | Agriculture and state |
| Geographic subdivision | Developing countries |
| Form subdivision | Congresses. |
| 9 (RLIN) | 41105 |
| 650 #0 - SUBJECT ADDED ENTRY--TOPICAL TERM | |
| Topical term or geographic name entry element | Food supply |
| General subdivision | Government policy |
| Geographic subdivision | Developing countries |
| Form subdivision | Congresses. |
| 9 (RLIN) | 41106 |
| 650 #0 - SUBJECT ADDED ENTRY--TOPICAL TERM | |
| Topical term or geographic name entry element | Poor |
| General subdivision | Nutrition |
| -- | Government policy |
| Geographic subdivision | Developing countries |
| Form subdivision | Congresses. |
| 9 (RLIN) | 41107 |
| 650 #0 - SUBJECT ADDED ENTRY--TOPICAL TERM | |
| Topical term or geographic name entry element | Produce trade |
| General subdivision | Government policy |
| Geographic subdivision | Developing countries |
| Form subdivision | Congresses. |
| 9 (RLIN) | 41108 |
| 650 #0 - SUBJECT ADDED ENTRY--TOPICAL TERM | |
| Topical term or geographic name entry element | Cash crops |
| General subdivision | Government policy |
| Geographic subdivision | Developing countries |
| Form subdivision | Congresses. |
| 9 (RLIN) | 41109 |
| 650 #0 - SUBJECT ADDED ENTRY--TOPICAL TERM | |
| Topical term or geographic name entry element | Agricultural innovations |
| General subdivision | Government policy |
| Geographic subdivision | Developing countries |
| Form subdivision | Congresses. |
| 9 (RLIN) | 41110 |
| 650 #0 - SUBJECT ADDED ENTRY--TOPICAL TERM | |
| Topical term or geographic name entry element | Soil conservation |
| General subdivision | Government policy |
| Geographic subdivision | Developing countries |
| Form subdivision | Congresses. |
| 9 (RLIN) | 41111 |
| 650 #0 - SUBJECT ADDED ENTRY--TOPICAL TERM | |
| Topical term or geographic name entry element | Agriculture |
| General subdivision | Research |
| -- | Government policy |
| Geographic subdivision | Developing countries |
| Form subdivision | Congresses. |
| 9 (RLIN) | 41112 |
| 700 1# - ADDED ENTRY--PERSONAL NAME | |
| Personal name | Ballenger, Nicole. |
| Relator term | editor |
| 9 (RLIN) | 41113 |
| 700 1# - ADDED ENTRY--PERSONAL NAME | |
| Personal name | Wiebe, Keith Daniel, |
| Relator term | editor |
| 9 (RLIN) | 41104 |
| 700 1# - ADDED ENTRY--PERSONAL NAME | |
| Personal name | Pinstrup-Andersen, Per. |
| Relator term | editor |
| 9 (RLIN) | 41099 |
| 856 42 - ELECTRONIC LOCATION AND ACCESS | |
| Materials specified | Contributor biographical information |
| Uniform Resource Identifier | <a href="http://www.loc.gov/catdir/bios/jhu051/2001038390.html">http://www.loc.gov/catdir/bios/jhu051/2001038390.html</a> |
| 856 42 - ELECTRONIC LOCATION AND ACCESS | |
| Materials specified | Publisher description |
| Uniform Resource Identifier | <a href="http://www.loc.gov/catdir/description/jhu051/2001038390.html">http://www.loc.gov/catdir/description/jhu051/2001038390.html</a> |
| 942 ## - ADDED ENTRY ELEMENTS (KOHA) | |
| Source of classification or shelving scheme | Dewey Decimal Classification |
| Koha item type | Books |
| Withdrawn status | Lost status | Source of classification or shelving scheme | Damaged status | Not for loan | Home library | Current library | Shelving location | Date acquired | Source of acquisition | Full call number | Barcode | Date last seen | Copy number | Price effective from | Koha item type |
|---|---|---|---|---|---|---|---|---|---|---|---|---|---|---|---|
| Dewey Decimal Classification | Biblioteca Pública José María del Castillo y Rada | Biblioteca Pública José María del Castillo y Rada | General Stacks | 04/15/2018 | Donación | 363.8091724 / W642w | 430005167 | 05/16/2024 | Ej.1 | 03/10/2021 | Books |